000 00669nam a22002057a 4500
005 20251108171921.0
008 250721s2003 xx 000 0 ara d
082 1 4 _a973.928/لور
100 1 _aلوران، أريك
245 1 0 _aعالم بوش السري /
264 1 _aبيروت :
_bدار الخيال للطباعة والنشر و التوزيع،
_c2003.
300 _a223ص.
650 1 7 _aالعلاقات الدولية
650 1 7 _aالسياسة الدولية
650 1 7 _aالولايات المتحدة
650 1 7 _aالسياسة الخارجية
700 1 _aكازان، سوزان
_eمترجم
942 _2ddc
_cBK
999 _c65888
_d65888